The impact of shop type and spatial structure on shopping linkages in retail parks (Record no. 21716)
[ view plain ]
| 000 -LEADER | |
|---|---|
| fixed length control field | 00999cab a2200241 4500 |
| 001 - CONTROL NUMBER | |
| control field | ABS41778 |
| 008 - FIXED-LENGTH DATA ELEMENTS--GENERAL INFORMATION | |
| fixed length control field | 090401t1989 xxu||||| |||| 00| 0 eng d |
| 035 ## - SYSTEM CONTROL NUMBER | |
| System control number | (Sirsi) u32397 |
| 041 ## - LANGUAGE CODE | |
| Language code of text/sound track or separate title | eng |
| 100 ## - MAIN ENTRY--PERSONAL NAME | |
| Personal name | Bromley, R.D.F. |
| 245 #4 - TITLE STATEMENT | |
| Title | The impact of shop type and spatial structure on shopping linkages in retail parks |
| 260 ## - PUBLICATION, DISTRIBUTION, ETC. | |
| Date of publication, distribution, etc. | 1989 |
| 350 ## - PRICE (NR) (BK AM CF MU VM SE) [OBSOLETE] | |
| Price | 0 |
| 490 ## - SERIES STATEMENT | |
| Series statement | Town Planning Review |
| Volume/sequential designation | 60(1) January 1989, 45-70(26) |
| 520 ## - SUMMARY, ETC. | |
| Summary, etc. | The potential competitive importance of retail parks highlights the need for information on their functional characteristics. Evidence from two contrasting retail parks in Swansea is used to assess the effects of variations in size, functional mix and spatial structure on inter-store shopping linkages and the efficency of the shopping area. (From Journal Abstract) |
| 650 ## - SUBJECT ADDED ENTRY--TOPICAL TERM | |
| Topical term or geographic name entry element | DEVELOPMENT |
| 650 ## - SUBJECT ADDED ENTRY--TOPICAL TERM | |
| Topical term or geographic name entry element | OUT-OF-TOWN |
| 650 ## - SUBJECT ADDED ENTRY--TOPICAL TERM | |
| Topical term or geographic name entry element | RETAIL |
| 690 ## - LOCAL SUBJECT ADDED ENTRY--TOPICAL TERM (OCLC, RLIN) | |
| Topical term or geographic name as entry element | PROPERTY-COMMERCIAL PROPERTY |
| 700 ## - ADDED ENTRY--PERSONAL NAME | |
| Personal name | Thomas, C.J. |
| 942 ## - ADDED ENTRY ELEMENTS (KOHA) | |
| Suppress in OPAC | 0 |
| 948 ## - LOCAL PROCESSING INFORMATION (OCLC); SERIES PART DESIGNATOR (RLIN) | |
| c (OCLC) | 04/03/1997 |
| Withdrawn status | Lost status | Source of classification or shelving scheme | Damaged status | Not for loan | Home library | Current library | Shelving location | Date acquired | Total Checkouts | Full call number | Barcode | Date last seen | Copy number | Price effective from | Koha item type |
|---|---|---|---|---|---|---|---|---|---|---|---|---|---|---|---|
| Dewey Decimal Classification | London | London | Journal article | 14/09/1999 | ABS41778 | 32397-1001 | 06/08/2019 | 1 | 06/08/2019 | Journal article |